| 000 | 01025nam0a22002411 4500 | ||
|---|---|---|---|
| 001 | rc\427191 | ||
| 005 | 20250621082207.0 | ||
| 035 | _a(NLR Aleph) 005674188 | ||
| 090 |
_a7006216 _c7006216 |
||
| 100 | _a20030616d1988 |||y0rusy50 ca | ||
| 101 | 0 | _arus | |
| 102 | _aRU | ||
| 105 | _aa ||||||||| | ||
| 200 | 1 |
_aОсновы теплофизики ограждающих конструкций зданий _e[Учеб. пособие для спец. "Теплогазоснабжение и вентиляция"] _fМ-во высш. и сред. спец. образования УССР, Учеб.-метод. каб. по высш. образованию, Макеев. инж.-строит. ин-т |
|
| 210 |
_aКиев _cУМКВО _d1988 |
||
| 215 |
_a120 с. _cил. _d20 |
||
| 320 | _aБиблиогр.: с. 118-119 (24 назв.) | ||
| 700 | 1 |
_aЕлагин _bБ.Т. _gБорис Тимофеевич |
|
| 801 | 0 |
_aRU _bNLR _gpsbo |
|
| 801 | 1 |
_aRU _bELAR _2rusmarc |
|
| 852 |
_aNLR _j89-3/3099 |
||
| 942 | _cBOOK | ||
| 980 | _aNB | ||